000 00979nam a22002897a 4500
001 16667351
005 20231102082446.0
008 231102b |||||||| |||| 00| 0 eng d
010 _a 2011007894
020 _a9780123850225 (alk. paper)
040 _aDLC
_cKMU
_dKMU
_erda
050 0 0 _aQC 874.5 Wil
100 1 _aWilks, Daniel S.
245 1 0 _aStatistical methods in the atmospheric sciences /
_cD.S. Wilks.
250 _a3rd ed.
260 _aAmsterdam ;
_aBoston :
_bElsevier/Academic Press,
_c2011
300 _axix, 676 p. :
_bill., maps ;
_c25 cm.
490 0 _aInternational geophysics series ;
_vv. 100
504 _aIncludes bibliographical references and index.
650 0 0 _aAtmospheric physics
_xStatistical methods.
650 0 0 _aPhysics.
650 0 0 _aScience.
650 0 0 _aGeology.
906 _a0
_bvip
_corignew
_d1
_eecip
_f20
_gy-gencatlg
942 _2lcc
_cBK
_n0
999 _c703
_d703